000 00939nam a22003257a 4500
001 BR2012005202
003 BR-BrBNA
005 20230928104026.0
007 ta
008 230509b bl.||||| |||| 00| 0 por d
040 _aBR-BrBNA
_bpor
_cBiblioteca Nacional de Agricultura
041 _a(Por)
072 _aP01
090 _ P01 BR2012005202
110 1 _aGoverno do Estado do Paraná, Curitiba, PR (Brasil). Secretaria de Estado do Meio Ambiente e Recursos Hídricos
_95377
245 1 _aBioclima Paraná: a biodiversidade Paranaense
260 3 _aCuritiba, PR (Brasil):
_c[nd].
300 _a110 p.
500 _a135 illus.; Published 2012?
650 _aBIODIVERSIDADE
650 _aBIOCLIMATOLOGIA
650 _aPARANÁ
650 _aECOSSISTEMA
650 _aAMBIENTE BENTICO
650 _aPROTEÇÃO FLORESTAL
650 _aFAUNA
650 _aFLORA
909 _a202309
_bLucia
_c55
_dLucia Elande
942 _cBK
999 _c77746
_d77746